[Event "Ivrea Eporediese op 24th"]
[Site "Ivrea"]
[Date "2007.01.25"]
[Round "2"]
[White "Paonessa, Denis"]
[Black "Giachino, Adriano"]
[Result "1-0"]
[WhiteElo "1817"]
[BlackElo "1586"]
[PlyCount "57"]
[EventDate "2007.01.18"]
[EventType "swiss"]
[EventRounds "9"]
[EventCountry "ITA"]
[SourceTitle "EXT 2010"]
[Source "ChessBase"]
[SourceDate "2010.11.25"]
[SourceVersion "1"]
[SourceVersionDate "2010.11.25"]
[SourceQuality "1"]

1. d4 Nf6 2. Bg5 d5 3. Bxf6 exf6 4. e3 g6 5. Ne2 Bg7 6. Nf4 c6 7. Bd3 0-0 8. Qf3 Re8 9. h4 Qb6 10. Kd2 c5 11. dxc5 Qxc5 12. Nxd5 f5 13. Nbc3 Nc6 14. h5 Ne5 15. Qe2 Be6 16. Nf4 Bc4 17. hxg6 Bxd3 18. gxf7+ Nxf7 19. Nxd3 Rad8 20. Qh5 Bh6 21. Rh3 b5 22. g4 Rd6 23. Qxf5 Re5 24. Qf3 b4 25. Ne4 Rxd3+ 26. cxd3 Qd4 27. Rb1 Ng5 28. Nf6+ Kg7 29. Nh5+ 1-0

[Event "Ivrea Eporediese op 23rd"]
[Site "Ivrea"]
[Date "2006.01.19"]
[Round "1"]
[White "Giachino, Adriano"]
[Black "Chiarotto, Filippo"]
[Result "0-1"]
[WhiteElo "1553"]
[BlackElo "1880"]
[PlyCount "74"]
[EventDate "2006.01.19"]
[EventType "swiss"]
[EventRounds "6"]
[EventCountry "ITA"]
[SourceTitle "EXT 2016"]
[Source "ChessBase"]
[SourceDate "2015.10.08"]
[SourceVersion "1"]
[SourceVersionDate "2015.10.08"]
[SourceQuality "1"]

1. e4 Nc6 2. d4 d5 3. e5 Bf5 4. Nf3 e6 5. Bd2 Be7 6. Nc3 h5 7. Bb5 Qd7 8. Qe2 Nh6 9. h3 a6 10. Bd3 Bxd3 11. cxd3 Nf5 12. Be3 h4 13. a3 a5 14. 0-0 f6 15. Nb5 Kf7 16. Rae1 Rag8 17. exf6 gxf6 18. Bf4 Bd6 19. Qd2 Rg6 20. Bxd6 cxd6 21. Qf4 e5 22. dxe5 dxe5 23. Qxf5 Qxf5 24. Nd6+ Ke6 25. Nxf5 Kxf5 26. Re3 Ke6 27. Rc1 Kd6 28. Rd1 Ne7 29. Nh2 Nf5 30. Rf3 Nd4 31. Re3 Rhg8 32. Nf3 Nf5 33. Re2 Rxg2+ 34. Kh1 R2g7 35. Rg1 Rxg1+ 36. Nxg1 Nd4 37. Re3 f5 0-1